000 01201nam a22002657a 4500
999 _c63587
_d63587
005 20240530110649.0
008 171114s2016 ua a g 000 0 ara d
017 _a2005/19515
_bمصر. دار الكتب
020 _a9773372154
040 _aEG-CaGPL
_cEG-CaGPL
082 0 4 _221
_a658.455 /
_bخ إ
110 0 _aخبراء مركز الخبرات المهنية للادارة بميك
245 1 0 _aالادارة الالكترونية فى الشئون الادارية /
_cاعداد المادة العلمية خبراء مركز الخبرات المهنية للادارة بميك ؛ عبدالرحمن توفيق
260 _aالقاهرة :
_bمركز الخبرات المهنية للادارة (ببميك) ،
_c2016.
300 _a60 ص. :
_bايض ؛
_c32 سم.
490 0 _aالمناهج التدريبية ؛
_v38
650 0 7 _2qrmak
_aالادارة التنفيذية
650 0 7 _2qrmak
_aالتوجية الادارى
650 0 7 _2qrmak
_aالاداريون
651 _2qrmak
653 0 _aالادارة الالكترونية
700 0 _aعبدالرحمن توفيق
_eمستشار
942 _2ddc
_cBK